Loading...
Visual Arts | 5 | 3 | 2 | 0 | 95 | 15 | 72.38 | 3 | 6 |
Auditory Arts | 0 | 6 | 1 | 0 | 55 | 78 | 101.17 | 2 | 5 |
Literature - World Literature | 1 | 4 | 1 | 1 | 50 | 58 | 109.60 | 1 | 3 |
Science - Chemistry | 0 | 5 | 1 | 1 | 45 | 73 | 96.40 | 2 | 4 |
Beliefs | 0 | 4 | 0 | 1 | 40 | 75 | 102.25 | 2 | 4 |
Fine Arts - Other Arts | 0 | 3 | 0 | 0 | 30 | 96 | 111.67 | 0 | 2 |
Literature - British Literature | 0 | 3 | 1 | 1 | 25 | 128 | 132.67 | 0 | 1 |
History - World History | 0 | 2 | 0 | 1 | 20 | 71 | 107.00 | 0 | 2 |
History - European History | 1 | 1 | 1 | 1 | 20 | 57 | 85.00 | 1 | 2 |
Literature - European Literature | 0 | 2 | 0 | 0 | 20 | 78 | 79.00 | 0 | 2 |
Science - Other Science | 0 | 2 | 0 | 0 | 20 | 124 | 126.50 | 0 | 2 |
Social Science | 0 | 2 | 0 | 0 | 20 | 97 | 109.00 | 1 | 2 |
Geography | 0 | 2 | 0 | 1 | 20 | 91 | 102.00 | 0 | 2 |
History - American History | 0 | 1 | 0 | 0 | 10 | 98 | 98.00 | 1 | 1 |
Literature - American Literature | 0 | 1 | 0 | 0 | 10 | 136 | 136.00 | 0 | 1 |
Science - Physics | 0 | 1 | 0 | 1 | 10 | 122 | 122.00 | 0 | 0 |
History - Ancient History | 0 | 1 | 0 | 1 | 10 | 131 | 131.00 | 0 | 1 |
Philosophy | 0 | 1 | 0 | 0 | 10 | 111 | 111.00 | 0 | 1 |